LEADER 04302nam 2200721 a 450 001 9910463755103321 005 20210624193947.0 010 $a1-283-40268-8 010 $a9786613402684 010 $a3-11-026203-7 024 7 $a10.1515/9783110262032 035 $a(CKB)3360000000338720 035 $a(EBL)771240 035 $a(OCoLC)763156905 035 $a(SSID)ssj0000621867 035 $a(PQKBManifestationID)11392455 035 $a(PQKBTitleCode)TC0000621867 035 $a(PQKBWorkID)10638364 035 $a(PQKB)10886835 035 $a(MiAaPQ)EBC771240 035 $a(WaSeSS)Ind00019385 035 $a(DE-B1597)171959 035 $a(OCoLC)979969439 035 $a(DE-B1597)9783110262032 035 $a(PPN)175564760 035 $a(Au-PeEL)EBL771240 035 $a(CaPaEBR)ebr10498731 035 $a(CaONFJC)MIL340268 035 $a(EXLCZ)993360000000338720 100 $a20110614d2011 uy 0 101 0 $aeng 135 $aurnn#---|u||u 181 $ctxt 182 $cc 183 $acr 200 00$aPatterns of Episcopal power$b[electronic resource] $ebishops in tenth and eleventh century western Europe = Strukturen bischo?flicher Herrschaftsgewalt im westlichen Europa des 10. und 11. Jahrhunderts /$fherausgegeben von = edited by Ludger Ko?rntgen und Dominik Wassenhoven 210 $aBerlin ;$aBoston $cDe Gruyter$dc2011 215 $a1 online resource (228 p.) 225 1 $aPrinz-Albert-Forschungen = Prince Albert research publications ;$vBd. 6 300 $aProceedings of a workshop held in Apr. 2009 at the University of Bayreuth and of a session of the International Medieval Congress held in July 2009 in Leeds, England. 311 0 $a3-11-026202-9 320 $aIncludes bibliographical references. 327 $tFront matter --$tPreface /$rKörntgen, Ludger / Waßenhoven, Dominik --$tContents --$tAbkürzungsverzeichnis/List of Abbreviations --$tIntroduction /$rKörntgen, Ludger --$tA Europe of Bishops. The Age of Wulfstan of York and Burchard of Worms /$rReuter, Timothy --$tMonition and Advice as Elements of Politics /$rSuchan, Monika --$tThe Changing Political Horizons of gesta episcoporum from the Ninth to Eleventh Centuries /$rRiches, Theo --$tBedrängte und belohnte Bischöfe. Recht und Politik als Parameter bischöflichen Handelns bei Willigis von Mainz und anderen /$rHehl, Ernst-Dieter --$tSwaying Bishops and the Succession of Kings /$rWaßenhoven, Dominik --$tBishops and Succession Crises in Tenth- and Eleventh-Century England /$rCubitt, Catherine --$tRoyal Women and Transitions. Emma and Ælfgifu in 1035-1042/1043 /$rStafford, Pauline --$tTwo Anglo-Saxon Bishops at Work. Wulfstan, Leofric and Cambridge, Corpus Christi College MS 190 /$rHill, Joyce --$tSelective Bibliography on Bishops in Medieval Europe, from 1980 to the present day /$rWaßenhoven, Dominik / Messinger, Stephan --$tAutorenverzeichnis/List of Contributors 330 $aIn medieval Europe, the death of a king could not only cause a dispute about the succession, but also a severe crisis. In times of a vacant throne particular responsibility fell to the bishops - whose general importance for the time around the first millennium has been revealed by recent scholarship - as royal counsellors and policy makers. This volume therefore concentrates on the bishops' room for manoeuvre and the patterns of episcopal power, focusing on the Eastern Frankish Reich and Anglo-Saxon England in a comparative approach which is not least based upon the research of a renowned medie 410 0$aPrinz-Albert-Forschungen ;$vBd. 6. 606 $aEpiscopacy$xHistory$vCongresses 606 $aChurch and state$zEurope$xHistory$vCongresses 606 $aChurch history$yMiddle Ages, 600-1500$vCongresses 608 $aElectronic books. 615 0$aEpiscopacy$xHistory 615 0$aChurch and state$xHistory 615 0$aChurch history 676 $a262/.1209409021 701 $aKo?rntgen$b Ludger$0503098 701 $aWassenhoven$b Dominik$01031257 712 12$aInternational Medieval Congress$f(2009 :$eLeeds, England) 801 0$bMiAaPQ 801 1$bMiAaPQ 801 2$bMiAaPQ 906 $aBOOK 912 $a9910463755103321 996 $aPatterns of Episcopal power$92454384 997 $aUNINA LEADER 01238nam a2200349 i 4500 001 991000941839707536 005 20020507180253.0 008 950724s1981 de ||| | eng 020 $a3540105573 035 $ab10778895-39ule_inst 035 $aLE01304637$9ExL 040 $aDip.to Matematica$beng 082 0 $a515.353 084 $aAMS 34G20 084 $aAMS 35K55 084 $aAMS 58D25 100 1 $aHenry, Dan$040596 245 10$aGeometric theory of semilinear parabolic equations /$cDan Henry 260 $aBerlin :$bSpringer-Verlag,$c1981 300 $aiv, 348 p. :$bill. ;$c25 cm. 490 0 $aLecture notes in mathematics,$x0075-8434 ;$v840 500 $aBibliography: p. [335]-342. 500 $aIncludes index 650 4$aNonlinear equations 650 4$aParabolic differential equations 650 4$aPartial differential equations of special type 907 $a.b10778895$b23-02-17$c28-06-02 912 $a991000941839707536 945 $aLE013 35K HEN11 (1981)$g1$i2013000033167$lle013$o-$pE0.00$q-$rl$s- $t0$u10$v5$w10$x0$y.i10878269$z28-06-02 996 $aGeometric Theory of Semilinear Parabolic Equations$9348171 997 $aUNISALENTO 998 $ale013$b01-01-95$cm$da $e-$feng$gde $h0$i1